The digital architecture : a common-sense guide to using computer technology in design practice

Bibliographic Details
Main Author: Sanders, Ken , 1958- (Author)
Format: Book
Published: New York : John Wiley , c1996
Subjects:

MARC

LEADER 00000cam a2200000 7i4500
001 0000009095
005 20190610093000.0
020 |a 0471121657 ,   |c (pbk.) 
090 0 0 |a NA1996.5   |b .S26 1996 
100 0 |a Sanders, Ken ,   |d 1958- ,   |e author 
245 1 4 |a The digital architecture :   |b a common-sense guide to using computer technology in design practice   |c Ken Sanders 
260 2 |a New York :   |b John Wiley ,   |c c1996 
300 |a xiii, 470 p. ;   |c 24 cm. 
500 |a Includes index references 
650 0 |a Architectural practice   |x Data processing 
999 |a 1000056321   |b Book   |c OPEN SHELF (30 DAYS)   |e Gong Badak Campus